Statistiques concernant Consigne 0.5 SNCB

Cliquez ici pour prendre le quiz!

Statistiques générales

  • Ce quiz a été pris 6 fois
  • Le résultat moyen est 26 sur 462

Statistiques - réponses

TYPESCatégoriesFrançaisNederlands% Correct
VOCABULAIREAalarmealarm
67%
EXPRESSIONSL'endroit /
De plaats
la jonction Nord-Midide Noord-Zuidverbinding
67%
VOCABULAIRELes chiffres /
De cijfers
uneen
67%
EXPRESSIONSLa constatation /
De vaststelling
il y a ...er is ...
67%
EXPRESSIONSCommunication /
Communicatie
erreur (+ je répète)fout (+ ik herhaal)
67%
EXPRESSIONSLa constatation /
De vaststelling
j'ai eu ...ik heb ... gehad
67%
EXPRESSIONSLa constatation /
De vaststelling
j'ai vu ...ik heb ... gezien
67%
EXPRESSIONSL'endroit /
De plaats
dans le tunnelin de tunnel
67%
EXPRESSIONSL'endroit /
De plaats
en gare de ...in het station van ...
67%
EXPRESSIONSL'endroit /
De plaats
sur un pontop een brug
67%
EXPRESSIONSCommunication /
Communicatie
à vousover
67%
EXPRESSIONSCommunication /
Communicatie
attendezwacht
67%
EXPRESSIONSL'endroit /
De plaats
à la borne kilométrique ... de la ligne ...aan kilometerpaal ... van de lijn ...
33%
⚠️ URGENT⚠️ Message d'alarme / AlarmberichtAlarme ! Alarme ! Ici le chef de bord du train ..., obstacle dans la voie / accident, stoppez les circulations sur la ligne ..., entre ... et ... !Alarm ! Alarm ! Hier boordchef trein ..., hinder in het spoor () ongeval, stop alle verkeer op lijn ..., tussen ... en ... !
33%
VOCABULAIREBbris de la caténairebovenleidingsbreuk
33%
EXPRESSIONSCaténaire /
Bovenleiding
bris de la caténairebovenleidingsbreuk
33%
EXPRESSIONSCommunication /
Communicatie
correctcorrect
33%
EXPRESSIONSConséquences de l'évènement /
Gevolgen van de gebeurtenis
la présence d'un agent du mouvement est requise sur placede aanwezigheid van een bediende van de beweging ter plaatse is vereist
33%
EXPRESSIONSLa nature de l'événement /
De oorzaak van de gebeurtenis
la présence d'une torche à flamme rougede aanwezigheid van een toorts met rode vlam
33%
EXPRESSIONSMatériel /
Materieel
le conducteur a isolé des freinsde bestuurder heeft remmen afgezonderd
33%
EXPRESSIONSCaténaire /
Bovenleiding
la caténaire est tombéede bovenleiding is neergevallen
33%
EXPRESSIONSL'endroit /
De plaats
les plans d'Ansde hellingen van Ans
33%
EXPRESSIONSConséquences de l'évènement /
Gevolgen van de gebeurtenis
les éléments de secours arriveront par l'avalde hulpelementen komen afwaarts
33%
EXPRESSIONSLa nature de l'événement /
De oorzaak van de gebeurtenis
le train a heurtéde trein heeft een aanrijding gehad
33%
EXPRESSIONSConséquences de l'évènement /
Gevolgen van de gebeurtenis
le train est en détressede trein is in nood
33%
EXPRESSIONSLa nature de l'événement /
De oorzaak van de gebeurtenis
le train a dérailléde trein is ontspoord
33%
EXPRESSIONSLa nature de l'événement /
De oorzaak van de gebeurtenis
un déraillementeen ontsporing
33%
EXPRESSIONSLa nature de l'événement /
De oorzaak van de gebeurtenis
une personneeen persoon
33%
EXPRESSIONSLa nature de l'événement /
De oorzaak van de gebeurtenis
un dégagement de fuméeeen rookontwikkeling
33%
EXPRESSIONSLa nature de l'événement /
De oorzaak van de gebeurtenis
une boîte chaudeeen warme asbus
33%
EXPRESSIONSLa nature de l'événement /
De oorzaak van de gebeurtenis
il y a un incendieer is een brand
33%
EXPRESSIONSConséquences de l'évènement /
Gevolgen van de gebeurtenis
il y a une victime sur la voieer is een slachtoffer in het spoor
33%
EXPRESSIONSConséquences de l'évènement /
Gevolgen van de gebeurtenis
il y a des matières dangereuseser zijn gevaarlijke goederen
33%
EXPRESSIONSConséquences de l'évènement /
Gevolgen van de gebeurtenis
il y a des victimes sur les voieser zijn slachtoffers in de sporen
33%
EXPRESSIONSMatériel /
Materieel
il y a des freins caléser zijn vaste remmen
33%
EXPRESSIONSCommunication /
Communicatie
répétez (+ parler lentement)herhaal uw bericht (+ spreek langzaam)
33%
EXPRESSIONSSignalisation /
Seingeving
c'est un signal desservihet is een beheerd sein
33%
EXPRESSIONSSignalisation /
Seingeving
c'est un signal non desservihet is een niet beheerd sein
33%
EXPRESSIONSSignalisation /
Seingeving
le signal est éteinthet sein is gedoofd
33%
EXPRESSIONSLa nature de l'événement /
De oorzaak van de gebeurtenis
la voie est inondéehet spoor is overstroomd
33%
EXPRESSIONSLa constatation /
De vaststelling
j'ai heurté ...ik heb ... aangereden
33%
EXPRESSIONSLa nature de l'événement /
De oorzaak van de gebeurtenis
j'ai ressenti un chocik heb een schok gevoeld
33%
EXPRESSIONSCaténaire /
Bovenleiding
j'ai vu un affaissement de la caténaire à ...ik heb een verzakking van de bovenleiding vastgesteld te ...
33%
EXPRESSIONSCommunication /
Communicatie
je rappelleik roep u later opnieuw op
33%
EXPRESSIONSConséquences de l'évènement /
Gevolgen van de gebeurtenis
vers l'avalin afwaartse richting
33%
EXPRESSIONSSituation par rapport aux voies /
Situatie met betrekking tot het spoor
sur la voie A (ou B)in het spoor A (of B)
33%
EXPRESSIONSSituation par rapport aux voies /
Situatie met betrekking tot het spoor
le long de la voielangs het spoor
33%
ABRÉVIATIONSAbréviations /
Afkortingen
CFA
(conduite du frein automatique)
LAR
(leiding automatische rem)
33%
EXPRESSIONSCommunication /
Communicatie
reçuontvangen
33%
EXPRESSIONSConséquences de l'évènement /
Gevolgen van de gebeurtenis
par l'amontopwaarts
33%
VOCABULAIREAamontopwaarts
33%
EXPRESSIONSTGV /
HST
projection de ballastopwerping van ballast
33%
ABRÉVIATIONSAbréviations /
Afkortingen
PN
(passage à niveau)
OW
(overweg)
33%
EXPRESSIONSLa nature de l'événement /
De oorzaak van de gebeurtenis
des personnes, du bétail sur les voiespersonen, vee in het spoor
33%
EXPRESSIONSCommunication /
Communicatie
terminésluiten
33%
EXPRESSIONSMesures prises /
Getroffen maatregelen
arrêtez toute circulationstop alle verkeer
33%
EXPRESSIONSL'endroit /
De plaats
sur placeter plaatse
33%
VOCABULAIRESsur placeter plaatse
33%
VOCABULAIRETtraintrein
33%
EXPRESSIONSSituation par rapport aux voies /
Situatie met betrekking tot het spoor
entre les voiestussen de sporen
33%
EXPRESSIONSL'endroit /
De plaats
entre les gares de ... et ...tussen de stations van ... en ...
33%
EXPRESSIONSSituation par rapport aux voies /
Situatie met betrekking tot het spoor
allongé sur la voieuitgestrekt in het spoor
33%
EXPRESSIONSLa nature de l'événement /
De oorzaak van de gebeurtenis
des freins calésvaste remmen
33%
ABRÉVIATIONSAbréviations /
Afkortingen
CA
(conduite d'alimentation)
VL
(voedingsleiding)
33%
EXPRESSIONSL'endroit /
De plaats
se dirigeant vers la gare de ...zich begeven naar het station van ...
33%
VOCABULAIRECcâblot UIC à 18 fils18 draadse UIC kabel
0%
EXPRESSIONSL'endroit /
De plaats
à la bifurcation de ...aan de vertakking ...
0%
VOCABULAIREAaccrochéaangehaakt
0%
VOCABULAIREAaccoupléaangekoppeld
0%
VOCABULAIREHheurtéaangereden
0%
VOCABULAIRECcollisionaanrijding
0%
VOCABULAIREAattaque (terroriste)aanslag (terreur)
0%
VOCABULAIRESserreraansluiten
0%
VOCABULAIREQ(en) queue(aan) staart
0%
VOCABULAIREMmise à la terre (de la caténaire)aarden (van de bovenleiding)
0%
VOCABULAIREPperche de mise à la terreaardingsstaak
0%
VOCABULAIRELes chiffres /
De cijfers
huitacht
0%
VOCABULAIRERreculerachteruitrijden
0%
VOCABULAIREMmouvement de reculachteruitrit
0%
VOCABULAIREDdésaccoupléafgekoppeld
0%
VOCABULAIREDdécrochementafhaken
0%
VOCABULAIREPpoinçonner(af)knippen
0%
VOCABULAIREDdésaccouplementafkoppeling
0%
VOCABULAIRERrelayeraflossen
0%
VOCABULAIRESsuppressionafschaffing
0%
VOCABULAIREPplan de délestageafschakelplan
0%
VOCABULAIREDdistanceafstand
0%
VOCABULAIRECcumuléeafstandspunt
0%
VOCABULAIREAavalafwaarts
0%
VOCABULAIREDdéviationafwijking
0%
VOCABULAIREIisolerafzonderen
0%
VOCABULAIREIisolementafzondering
0%
VOCABULAIRERrobinet d'isolementafzonderingskraan
0%
⚠️ URGENT⚠️ Coupure de tension /
Verbreking van de spanning
Alarme ! Alarme ! Ici le chef de bord du train ..., ... (raison) à / entre ... (lieu), coupez la tension sur la ligne ... !Alarm ! Alarm ! Hier boordchef trein ..., ... (reden) te () tussen ... (plaats), verbreek de spanning op lijn ... !
0%
VOCABULAIRECcirconstances atmosphériquesatmosferische omstandigheden
0%
VOCABULAIREBbloc automatiqueautomatisch blok
0%
VOCABULAIREFfrein automatiqueautomatische rem
0%
VOCABULAIREVveille automatiqueautomatische waakinrichting
0%
FORMULAIRESFormulaires /
Formulieren
B 207 - mission déléguée - communication au chef de bordB 207 - gedelegeerde opdracht - communicatie aan de boordchef
0%
FORMULAIRESFormulaires /
Formulieren
B 288 - accouplement d'allègeB 288 - koppelen van de opdruklocomotief
0%
FORMULAIRESFormulaires /
Formulieren
B 289 - embarquement / débarquement d'une PMRB 289 - instappen () uitstappen van een PBM
0%
VOCABULAIRETtronçonbaanvak
0%
VOCABULAIREBbalisebaken
0%
VOCABULAIREAagent du mouvementbediende van de beweging
0%
VOCABULAIREVvitesse réduitebeperkte snelheid
0%
VOCABULAIREAavis d'accident, détresse, incident ou obstaclebericht van ongeval, nood, incident of hinder
0%
VOCABULAIREMmesures de protectionbeschermingsmaatregelen
0%
EXPRESSIONSTGV /
HST
commutateur de protectionbeschermingsschakelaar
0%
VOCABULAIREPpermanentbestending
0%
VOCABULAIRECconducteurbestuurder
0%
VOCABULAIREOordrebevel
0%
VOCABULAIRECcompétencebevoegdheid
0%
VOCABULAIREPpersonnel habilitébevoegd personeel
0%
VOCABULAIREMmouvementbeweging
0%
VOCABULAIREOoccupébezet
0%
VOCABULAIREBbloquerblokkeren
0%
VOCABULAIREMmessageboodschap
0%
VOCABULAIRECchef de bordboordchef
0%
VOCABULAIREPpanneaubord
0%
VOCABULAIREFfeu / incendiebrand
0%
VOCABULAIREDdévidoirs d'incendiebrandhaspel
0%
VOCABULAIREBbuttoirbuffer
0%
VOCABULAIREHhors servicebuiten dienst
0%
VOCABULAIREMmise hors tensionbuitenspanningstelling
0%
VOCABULAIREKKlaxonclaxon
0%
VOCABULAIRECcommunicationcommunicatie
0%
VOCABULAIRECcontinuitécontinuïteit
0%
VOCABULAIREEessai contradictoirecontradictoire proef
0%
VOCABULAIREDdatedatum
0%
EXPRESSIONSConséquences de l'évènement /
Gevolgen van de gebeurtenis
les deux voies sont obstruéesde beide sporen zijn versperd
0%
EXPRESSIONSCaténaire /
Bovenleiding
la caténaire oscille anormalementde bovenleiding slingert abnormaal
0%
EXPRESSIONSMesures prises /
Getroffen maatregelen
la couverture définitive est assuréede definitieve dekking is uitgevoerd
0%
EXPRESSIONSMesures prises /
Getroffen maatregelen
la couverture rapprochée est assuréede dekking ter plaatse is uitgevoerd
0%
VOCABULAIREDdéfectueuxdefect
0%
VOCABULAIRECcouverture rapprochéedekking ter plaatse
0%
EXPRESSIONSLa nature de l'événement /
De oorzaak van de gebeurtenis
les phares du train croiseur clignotentde koplichten van de kruisende trein knipperen
0%
EXPRESSIONSMesures prises /
Getroffen maatregelen
le câble de court-circuit est placéde kortsluitkabel werd geplaats
0%
VOCABULAIREDdépanneurdepanneerder
0%
VOCABULAIRELes chiffres /
De cijfers
treizedertien
0%
VOCABULAIRELes chiffres /
De cijfers
trentedertig
0%
EXPRESSIONSMatériel /
Materieel
la vitesse est limitée àde snelheid is beperkt tot
0%
EXPRESSIONSTGV /
HST
détection de plateforme inondéedetectie overstroomde bedding
0%
EXPRESSIONSTGV /
HST
détection de boîte chaudedetectie warme asbus
0%
EXPRESSIONSSignalisation /
Seingeving
le train a dépassé indûment un signalde trein is ongeoorloofd een sein voorbijgereden
0%
EXPRESSIONSConséquences de l'évènement /
Gevolgen van de gebeurtenis
le train n'est plus en mesure de poursuivre son parcours par ses propres moyensde trein kan zijn reisweg niet verder zetten op eigen kracht
0%
VOCABULAIREPportedeur
0%
EXPRESSIONSSituation par rapport aux voies /
Situatie met betrekking tot het spoor
près de la voiedicht bij het spoor
0%
VOCABULAIREEétanchéitédichtheid
0%
VOCABULAIREFfiche de servicedienstfiche
0%
VOCABULAIREAarrêt de servicediensthalte
0%
VOCABULAIRETtraversée de servicedienstovergang
0%
VOCABULAIREHhorairedienstregeling
0%
ABRÉVIATIONSAbréviations /
Afkortingen
CFD
(conduite du frein direct)
LRR
(leiding rechtstreekse rem)
0%
VOCABULAIRECcontinuer (à circuler)doorrijden
0%
VOCABULAIREAaffaissement de la caténairedoorzakking van de bovenleiding
0%
VOCABULAIREEéteindredoven
0%
VOCABULAIREBbogiedraaistel
0%
VOCABULAIRELes chiffres /
De cijfers
troisdrie
0%
VOCABULAIRELes chiffres /
De cijfers
trois centsdriehonderd
0%
VOCABULAIREBbouton-poussoirdrukknop
0%
VOCABULAIREDdouble tractiondubbele tractie
0%
VOCABULAIRELes chiffres /
De cijfers
milleduizend
0%
FORMULAIRESFormulaires /
Formulieren
E 370 - ordre de circulation avec restrictionE 370 - bevel tot rijden met beperking
0%
FORMULAIRESFormulaires /
Formulieren
E 372 - demande de mise hors tension de la caténaireE 372 - aanvraag tot buitenspanningstelling
0%
FORMULAIRESFormulaires /
Formulieren
E 373 - ordre de maintenir à l'arrêtE 373 - bevel tot onbeweeglijk houden
0%
FORMULAIRESFormulaires /
Formulieren
E 374 - demande de protection du personnelE 374 - aanvraag voor persoonsbeveiliging
0%
FORMULAIRESFormulaires /
Formulieren
E 375 - ordre de vérifier le trainE 375 - bevel tot controleren van de trein
0%
FORMULAIRESFormulaires /
Formulieren
E 376 - avis de détresse ou d'accidentE 376 - bericht van nood of ongeval
0%
FORMULAIRESFormulaires /
Formulieren
E 376bis - avis de circulation avec restrictionsE 376bis - bericht van verkeersbeperkingen
0%
FORMULAIRESFormulaires /
Formulieren
E 377 - autorisation de remise en marcheE 377 - toelating om de rit hervatten
0%
FORMULAIRESFormulaires /
Formulieren
E 611 - ordre de reconnaissance de la ligne à grande vitesseE 611 - bevel tot verkenning van de hogesnelheidslijn
0%
FORMULAIRESFormulaires /
Formulieren
E 613 - ordre de manœuvrer un équipementE 613 - bevel tot verkenning van de hogesnelheidslijn
0%
VOCABULAIRELes chiffres /
De cijfers
vingt et uneenentwintig
0%
EXPRESSIONSConséquences de l'évènement /
Gevolgen van de gebeurtenis
un train croiseureen kruisende trein
0%
VOCABULAIREFfeux de queueeindseinen
0%
VOCABULAIREGgare terminuseindstation
0%
VOCABULAIRECcâblot électriqueelektrische kabel
0%
VOCABULAIRELes chiffres /
De cijfers
onzeelf
0%
EXPRESSIONSLa nature de l'événement /
De oorzaak van de gebeurtenis
il y a un affaissement de terrainer is een grondverzakking
0%
VOCABULAIRESsac d'agrèsfoedraal
0%
VOCABULAIREAannulégeannuleerd
0%
VOCABULAIREAabsence de formulairegebrek aan formulier
0%
EXPRESSIONSConséquences de l'évènement /
Gevolgen van de gebeurtenis
évacuation par partie vers l'amontgedeeltelijke evacuatie in opwaartse richting
0%
VOCABULAIREEéteintgedoofd
0%
VOCABULAIREFfeu éteintgedoofd licht
0%
VOCABULAIRESsignal éteintgedoofd sein
0%
VOCABULAIREVvoies électrifiéesgeëlektrificeerde sporen
0%
VOCABULAIREVverre trempégehard glas
0%
VOCABULAIREVverre feuilletégelaagd glas
0%
VOCABULAIRERremorquégesleept
0%
VOCABULAIRERrame remorquégesleept stel
0%
VOCABULAIRECconversationgesprek
0%
VOCABULAIRESsignal dérangégestoord sein
0%
VOCABULAIREDdangergevaar
0%
VOCABULAIREMmatières dangereusesgevaarlijke goederen
0%
VOCABULAIREPpoint dangereuxgevaarlijke plaats
0%
VOCABULAIRELlivret de dangers RIDgevarenboek RID
0%
VOCABULAIRECcode de dangergevarencode
0%
VOCABULAIREBbord sensiblegevoelige boord
0%
VOCABULAIREPpoidsgewicht
0%
VOCABULAIREWwagon de marchandisesgoederenwagen
0%
VOCABULAIREVvertgroen
0%
VOCABULAIREPpoignéehandvat
0%
VOCABULAIREBborne hectométriquehectometerpaal
0%
VOCABULAIREPplans inclinéshellingen
0%
EXPRESSIONSLa nature de l'événement /
De oorzaak van de gebeurtenis
l'actionnement du signal d'alarmehet bedienen van het noodsein
0%
VOCABULAIREEévacuationhet evacueren
0%
VOCABULAIREOobstructionhet hinderen
0%
VOCABULAIREIimmobilisationhet immobiliseren
0%
EXPRESSIONSSignalisation /
Seingeving
c'est un signal desservi non permissifhet is een beheerd niet permissief sein
0%
EXPRESSIONSSignalisation /
Seingeving
c'est un signal desservi permissifhet is een beheerd permissief sein
0%
EXPRESSIONSConséquences de l'évènement /
Gevolgen van de gebeurtenis
la canalisation des voyageurshet kanaliseren van de reizigers
0%
VOCABULAIRECclignotementhet knipperen
0%
EXPRESSIONSConséquences de l'évènement /
Gevolgen van de gebeurtenis
la voie A (ou B) est obstruéehet spoor A (of B) is versperd
0%
VOCABULAIRERretrait (d'une voiture)het uitzetten (van een rijtuig)
0%
VOCABULAIREEexpéditionhet versturen
0%
VOCABULAIREOobstaclehinder
0%
VOCABULAIRECcaniculehitte
0%
VOCABULAIREPplan caniculehitteplan
0%
VOCABULAIRELes chiffres /
De cijfers
centhonderd
0%
VOCABULAIREVvoie principalehoofdspoor
0%
VOCABULAIREHhaute tensionhoogspanning
0%
ABRÉVIATIONSAbréviations /
Afkortingen
LGV
(ligne à grande vitesse)
HSL
(hogesnelheidslijn)
0%
VOCABULAIRESservices de secours 112hulpdiensten 112
0%
VOCABULAIREIidentificationidentificatie
0%
EXPRESSIONSMesures prises /
Getroffen maatregelen
j'ai allumé une torche à flamme rougeik heb een toorts met rode vlam aangestoken
0%
EXPRESSIONSMatériel /
Materieel
je pars visiter le trainik vertrek om de trein na te zien
0%
VOCABULAIREIincidentincident
0%
VOCABULAIREEempiètement du gabaritindringing in het vrije ruimteprofiel
0%
VOCABULAIREIinfrastructureinfrastructuur
0%
VOCABULAIREIinterphoneintercom
0%
VOCABULAIRECcâblotkabel
0%
VOCABULAIREAarmoire à T rougekast met rode letter T
0%
VOCABULAIREAarmoire portant deux bandes rougeskast met twee rode banden
0%
VOCABULAIRECchevronkeper
0%
VOCABULAIREBborne kilométriquekilometerpaal
0%
VOCABULAIREPpétardklapper
0%
VOCABULAIREPpetit mouvementkleine beweging
0%
VOCABULAIRELlampe jaune clignotanteknipperende gele lamp
0%
VOCABULAIREPpertuiskokers
0%
VOCABULAIRECconvoikonvooi
0%
VOCABULAIREPporte d'aboutkopdeur
0%
VOCABULAIREFfeux avant (phare)koplichten
0%
VOCABULAIREAaccouplementkoppeling
0%
VOCABULAIRERrupture d'attelagekoppelingsbreuk
0%
VOCABULAIREEengin moteurkrachtvoertuig
0%
VOCABULAIRECcroisementkruising
0%
VOCABULAIREGgare de croisementkruisingsstation
0%
VOCABULAIREBbasse tensionlaagspanning
0%
VOCABULAIREDdernier véhiculelaatste voertuig
0%
VOCABULAIRECchargementlading
0%
VOCABULAIRECcoup (allongé)(lange) toon
0%
VOCABULAIRELlanternelantaarn
0%
VOCABULAIRECchargelast
0%
VOCABULAIRERrame à videledig stel
0%
VOCABULAIRECchef des opérationsleider van de operaties
0%
VOCABULAIRECconduite de frein automatique
(CFA)
leiding automatische rem
(LAR)
0%
VOCABULAIRECconduite du frein direct
(CFD)
leiding rechtstreekse rem
(LRR)
0%
VOCABULAIRESsignal lumineuxlichtsein
0%
VOCABULAIREEélévateur (chaise roulante)lift (rolstoel)
0%
VOCABULAIRELlignelijn
0%
VOCABULAIREDdesserrer (les freins)lossen (de remmen)
0%
VOCABULAIREFfuite d'air (ou échappement)luchtverlies
0%
VOCABULAIREAaimantémagnetisch
0%
VOCABULAIREMmatérielmaterieel
0%
VOCABULAIREIinformationmededeling
0%
VOCABULAIRECcomposition minimaleminimale samenstelling
0%
VOCABULAIREBbrouillardmist
0%
VOCABULAIREDdévoiementmiszending
0%
VOCABULAIRESsignal mobilemobiel sein
0%
VOCABULAIREOordre verbalmondeling bevel
0%
VOCABULAIRESsiffletmondfluit
0%
VOCABULAIREAautomotricemotorrijtuig
0%
VOCABULAIREAautorailmotorwagen
0%
VOCABULAIRENnomnaam
0%
VOCABULAIREAadjacentnaburig
0%
VOCABULAIRELes chiffres /
De cijfers
neufnegen
0%
VOCABULAIRELes chiffres /
De cijfers
nonantenegentig
0%
VOCABULAIREVvoie voisinenevenliggend spoor
0%
VOCABULAIREDdétresse (je suis en détresse)nood (ik ben in nood)
0%
VOCABULAIRERrobinet d'urgencenoodkraan
0%
VOCABULAIREMmarche normalenormale rit
0%
VOCABULAIRELes chiffres /
De cijfers
zéronul
0%
VOCABULAIRENnuméronummer
0%
VOCABULAIREDdétournéomgeleid
0%
VOCABULAIREDdétournementomleiding
0%
VOCABULAIRECconvertisseuromvormer
0%
VOCABULAIREPpassage sous voiesonderdoorgang
0%
VOCABULAIRESsignal dépassé indûmentongeoorloofd voorbijgereden sein
0%
VOCABULAIREAaccidentongeval
0%
VOCABULAIREIimmédiatementonmiddellijk
0%
VOCABULAIRECchef immédiatonmiddellijke chef
0%
VOCABULAIREAanomalie / irrégularitéonregelmatigheid
0%
VOCABULAIREDdéraillementontsporing
0%
VOCABULAIREAarrêt imprévuonvoorziene stilstand
0%
VOCABULAIREGgare d'origineoorsprongsstation
0%
VOCABULAIREAallègeopdruklocomotief
0%
VOCABULAIRERrampeoprijplaat
0%
EXPRESSIONSTGV /
HST
projection de blocs de neigeopwerping van ijsblokken
0%
VOCABULAIREJjouroverdag
0%
VOCABULAIREFfranchiroverschrijden
0%
VOCABULAIREFformalité de franchissementoverschrijdingsformaliteit
0%
VOCABULAIRECcouronne de franchissementoverschrijdingskroon
0%
VOCABULAIREOœilleton de franchissementoverschrijdingslicht
0%
VOCABULAIREPpassage à niveauoverweg
0%
VOCABULAIRELloge du passage à niveauoverwegkeet
0%
VOCABULAIREPpistepad
0%
VOCABULAIREFfourgon à bagagespakwagen
0%
ABRÉVIATIONSAbréviations /
Afkortingen
PMR
(personne à mobilité réduite)
PBM
(persoon met beperkte mobiliteit)
0%
VOCABULAIREPpictogrammepictogram
0%
VOCABULAIREMméplat (roue)plat vlak (wiel)
0%
VOCABULAIRESsuspension pneumatiquepneumatische ophanging
0%
EXPRESSIONSCommunication /
Communicatie
annulation procédureprocedure afgelasten
0%
VOCABULAIREMmanœuvrerangering
0%
VOCABULAIREVvitesse de référencerefertesnelheid
0%
VOCABULAIRERrégimeregime
0%
VOCABULAIREIitinérairereisweg
0%
VOCABULAIREPpoids freinremgewicht
0%
VOCABULAIRECcalage de freinremklemming
0%
VOCABULAIREFfreinageremming
0%
VOCABULAIREEessai des freinsremproef
0%
VOCABULAIRERréservationreservatie
0%
VOCABULAIRESsens de marcherijrichting
0%
VOCABULAIREVvoiturerijtuig
0%
ABRÉVIATIONSAbréviations /
Afkortingen
SIV
(système information voyageurs)
RIS
(reizigers informatie systeem)
0%
VOCABULAIREMmarche à vuerit op zicht
0%
VOCABULAIREFfeu rougerood licht
0%
VOCABULAIREDdégagement de fuméerookontwikkeling
0%
FORMULAIRESFormulaires /
Formulieren
S 422 - ordre de franchissementS 422 - overschrijdingsbevel
0%
VOCABULAIRECcompositionsamenstelling
0%
VOCABULAIRECcontacteurschakelaar
0%
VOCABULAIREVvisiteurschouwer
0%
VOCABULAIREOordre écritschriftelijk bevel
0%
VOCABULAIREFfrein à visschroefrem
0%
VOCABULAIREAabrischuilplaats
0%
VOCABULAIRESsectionsectie
0%
VOCABULAIRESsignalsein
0%
VOCABULAIRESsignaleurseingever
0%
VOCABULAIRECcabine de signalisation
{Possibilité 2)
seinhuis
0%
VOCABULAIREAarmoire du signalseinkast
0%
VOCABULAIREMmât du signalseinpaal
0%
VOCABULAIRECcabine de signalisation
{Possibilité 1}
seinpost
0%
VOCABULAIRECcroix de Saint-AndréSint-Andrieskruis
0%
VOCABULAIREBbarrièreslagboom
0%
VOCABULAIREBboyauslang
0%
VOCABULAIREMmauvais étatslechte staat
0%
VOCABULAIRECclé à trois-branchessleutel met drie takken
0%
VOCABULAIREDde nuit (la nuit)'s nachts (de nacht)
0%
VOCABULAIRENneigesneeuw
0%
VOCABULAIRECchute de neigesneeuwval
0%
VOCABULAIREVvitessesnelheid
0%
VOCABULAIRERréduction (de vitesse)(snelheid)beperking
0%
VOCABULAIRESscindersplitsen
0%
VOCABULAIREVvoiespoor
0%
VOCABULAIREAappareil de voiespoortoestel
0%
VOCABULAIREIinfrastructure ferroviairespoorweginfrastructuur
0%
VOCABULAIRECchef de garestationschef
0%
VOCABULAIREBbâtiment de la garestationsgebouw
0%
VOCABULAIREAarrêtstilstand
0%
VOCABULAIRERrepérage de heurtoirstootboksein
0%
VOCABULAIREBblocs d'arrêtstopblokken
0%
EXPRESSIONSTGV /
HST
repère d'arrêtstopmerkbord
0%
VOCABULAIREAarrêterstoppen
0%
VOCABULAIRESsignal d'arrêtstopsein
0%
VOCABULAIREDdérangementstoring
0%
VOCABULAIREAaversestortregen
0%
VOCABULAIREPpantographestroomafnemer
0%
VOCABULAIREAalimentation en tensionstroomvoorziening
0%
VOCABULAIREPposte de conduitestuurcabine
0%
VOCABULAIRECcabine de conduitestuurcabine
0%
EXPRESSIONSTGV /
HST
signalisation de cabinestuurpostsignalisatie
0%
VOCABULAIREVvoiture pilotestuurrijtuig
0%
VOCABULAIRELes chiffres /
De cijfers
quatre-vingtstachtig
0%
VOCABULAIRECcontre-voietegenspoor
0%
VOCABULAIRETtéléphonetelefoon
0%
VOCABULAIRETtélégrammetelegram
0%
VOCABULAIRERrebrousserterugkeren
0%
VOCABULAIRELes chiffres /
De cijfers
dixtien
0%
VOCABULAIREAautorisationtoelating
0%
VOCABULAIREAarmoire à appareillagestoestellenkast
0%
VOCABULAIREAagent de surveillancetoezichtbediende
0%
VOCABULAIRETtorche à flamme rougetoorts met rode vlam
0%
VOCABULAIREAaccompagnateur de traintreinbegeleider
0%
VOCABULAIRENnuméro du traintreinnummer
0%
LINDA⚠️ Information OT annulées /
Mededeling VG geannuleerd
Train..., opérations terminées annulées.
(CDT répond OT annulées)
Trein ..., verrichtingen gedaan geannuleerd.
(TBS antwoord VG geannuleerd)
0%
LINDA⚠️ Information OT verbale /
Mondelinge mededeling VG
Train ..., opérations terminées, le principe de départ, est-il rempli ?
(CDT répond Oui / Non)
Trein ..., verrichtingen gedaan, is het vertrekprincipe voldaan ?
(TBS antwoordt Ja () Nee)
0%
LINDA⚠️ Message si "contactez le conducteur" apparaît / Bericht als "contacteer de bestuurder" verschijntTrain..., pourquoi tu ne pars pas ?
(CDT, information varie selon le cas)
Trein..., waarom vertrek je niet ?
(TBS, informatie naargelang de situatie)
0%
VOCABULAIRERrame réversibletrek-en-duwstel
0%
VOCABULAIRETtunneltunnel
0%
VOCABULAIREIinterventiontussenkomst
0%
VOCABULAIRELes chiffres /
De cijfers
douzetwaalf
0%
VOCABULAIRELes chiffres /
De cijfers
deuxtwee
0%
VOCABULAIRELes chiffres /
De cijfers
vingt-deuxtweeëntwintig
0%
VOCABULAIRELes chiffres /
De cijfers
deux centstweehonderd
0%
VOCABULAIREDdouteuxtwijfelachtig
0%
VOCABULAIRELes chiffres /
De cijfers
vingttwintig
0%
VOCABULAIREEextrémitéuiteinde
0%
VOCABULAIRESsortie
{Possibilité 2}
uitgang
0%
VOCABULAIRESsortie
{Possibilité 1}
uitrit
0%
VOCABULAIREGgarer / garageuitwijken
0%
VOCABULAIREAarrêt exceptionneluitzonderlijke stilstand
0%
VOCABULAIREHheureuur
0%
VOCABULAIRELes chiffres /
De cijfers
quatorzeveertien
0%
VOCABULAIRELes chiffres /
De cijfers
quaranteveertig
0%
VOCABULAIREAarrêt de sécuritéveiligheidsstilstand
0%
VOCABULAIREAagent responsableverantwoordelijke bediende
0%
VOCABULAIREJjonction (Nord-Midi)verbinding (Noord-Zuid)
0%
VOCABULAIREIinterditverboden
0%
VOCABULAIRECcoupureverbreking
0%
VOCABULAIRECcoupure de tensionverbreking van de spanning
0%
VOCABULAIRERrépartiteurverdeler
0%
VOCABULAIREVverrouillervergrendelen
0%
VOCABULAIREOobstruerverhinderen
0%
VOCABULAIRECcirculationverkeer
0%
VOCABULAIRECcirculation à contre-voieverkeer op tegenspoor
0%
EXPRESSIONSTGV /
HST
reconnaissance de ligneverkenning van de lijn
0%
VOCABULAIREDdéclarationverklaring
0%
VOCABULAIREEéclairageverlichting
0%
VOCABULAIREDdéplacement d'un trainverplaatsing van een trein
0%
VOCABULAIREEexpédierversturen
0%
VOCABULAIREBbifurcationvertakking
0%
VOCABULAIRERralentirvertragen
0%
VOCABULAIRERretardvertraging
0%
VOCABULAIRERremplacementvervanging
0%
VOCABULAIREBboyau de réservevervangingsslang
0%
VOCABULAIRECchauffageverwarming
0%
VOCABULAIREEéloignementverwijdering
0%
VOCABULAIRELes chiffres /
De cijfers
quatrevier
0%
VOCABULAIRELes chiffres /
De cijfers
cinqvijf
0%
VOCABULAIRELes chiffres /
De cijfers
quinzevijftien
0%
VOCABULAIRELes chiffres /
De cijfers
cinquantevijftig
0%
VOCABULAIREDdrapeauvlag
0%
VOCABULAIRECconduite d'alimentation
(CA)
voedingsleiding
(VL)
0%
VOCABULAIREVvéhiculevoertuig
0%
VOCABULAIREMmarchepiedsvoettreden
0%
VOCABULAIREPpleine voievolle baan
0%
VOCABULAIREPprénomvoornaam
0%
VOCABULAIREAarrêt prévuvoorziene stilstand
0%
VOCABULAIRESsouffletvouwbalgen
0%
VOCABULAIRESservice dégelvriesdienst
0%
VOCABULAIREGgabaritvrije ruimteprofiel
0%
VOCABULAIRELlibération (des voies)vrijgave (van de sporen)
0%
VOCABULAIRELlibération des portes d'accèsvrijgave van de toegangsdeuren
0%
VOCABULAIREOodre de libérationvrijgevingsbevel
0%
VOCABULAIREWwagonwagon
0%
VOCABULAIREDdétecteur de boîte chaudewarme asbusdetector
0%
VOCABULAIRECchantierwerf
0%
VOCABULAIREBbandage de rouewielband
0%
VOCABULAIREFfaisceau de garagewijkbundel
0%
VOCABULAIRECclé WilkaWilka sleutel
0%
VOCABULAIREVventwind
0%
VOCABULAIREAaiguillagewissel
0%
VOCABULAIREGgrilwisselcomplex
0%
VOCABULAIREDdisjoncteurzekering
0%
VOCABULAIRELes chiffres /
De cijfers
sixzes
0%
VOCABULAIRELes chiffres /
De cijfers
seizezestien
0%
VOCABULAIRELes chiffres /
De cijfers
soixantezestig
0%
VOCABULAIRELes chiffres /
De cijfers
septzeven
0%
VOCABULAIRELes chiffres /
De cijfers
septantezeventig
0%
VOCABULAIREVvisibilitézichtbaarheid
0%
VOCABULAIRESsans dangerzonder gevaar
0%
VOCABULAIREZzonezone
0%

Distribution des résultats

Percentile par nombre de réponses

% des personnes avec chaque résultat

Votre développement - résultats

Vous n’avez pas pris ce quiz